000 00794nam a2200241 i 4500
001 C2-0341566
003 PPAK
005 20180728143218.0
008 170417s nyua|||| ||||| | eng d
020 _a9783002024915
040 _aPPAK
_beng
_cPPAK
_erda
082 0 4 _a015.595
_223
090 0 0 _a015.595
_bPEN
_dRLCK
245 0 0 _aPenguin Books celebrating 80 years
264 1 _aNew York :
_bPenguin Random House ,
_c[date of publication not identified]
300 _a151 pages :
_bcolour photographs ;
_c24 cm
336 _2rdacontent
_atext
337 _2rdamedia
_aunmediated
338 _2rdacarrier
_avolume
500 _aSummer 2015
650 1 0 _aPublisher's catalogs - Malaysia. ; Bookseller's catalog - Malaysia. ; Penguin books Malaysia Sdn Bhd - Malaysia.
942 _ddc
_cB
999 _c138598
_d138598